[Event "BIH-chT Premier League 2019"]
[Site "Tuzla"]
[Date "2019.06.14"]
[Round "7.1"]
[White "Sedlak, Nikola"]
[Black "Stevic, Hrvoje"]
[Result "1/2-1/2"]
[WhiteElo "2583"]
[BlackElo "2575"]
[Annotator "ChessBase"]
[PlyCount "62"]
[EventDate "2019.06.08"]
[EventType "team-tourn"]
[EventCountry "BIH"]
[SourceTitle "playchess.com"]
[Source "ChessBase"]
[SourceQuality "1"]
[TimeControl "40/5400+30:900+30"]

1. e4 {[%emt 0:00:00]} e5 {[%emt 0:00:00]} 2. Nf3 {[%emt 0:00:00]} Nc6 {[%emt 0:00:00]} 3. Bb5 {[%emt 0:00:18]} g6 {[%emt 0:01:33]} 4. d4 {[%emt 0:03:33]} exd4 {[%emt 0:00:30]} 5. Bg5 {[%emt 0:00:46]} Be7 {[%emt 0:00:14]} 6. Bxe7 {[%emt 0:00:28]} Qxe7 {[%emt 0:03:51]} 7. Bxc6 {[%emt 0:01:15]} dxc6 {[%emt 0:00:41]} 8. Qxd4 {[%emt 0:00:17]} Nf6 {[%emt 0:00:10]} 9. Nc3 {[%emt 0:00:26]} Bg4 {[%emt 0:00:49]} 10. Nd2 {[%emt 0:04:03]} c5 {[%emt 0:03:38]} 11. Qe3 {[%emt 0:00:55]} O-O-O {[%emt 0:01:06]} 12. h3 {[%emt 0:05:55]} Bd7 {[%emt 0:04:32]} 13. O-O-O {[%emt 0:03:37]} Bc6 {[%emt 0:01:35]} 14. f3 {[%emt 0:01:26]} b6 {[%emt 0:02:24]} 15. Nc4 {[%emt 1:14:31]} Qe6 {[%emt 0:06:46]} 16. b3 {[%emt 0:00:00]} h5 {[%emt 0:15:37]} 17. Qg5 {[%emt 0:00:00]} Nh7 {[%emt 0:08:10]} 18. Qe5 {[%emt 0:00:00]} Rde8 {[%emt 0:03:26]} 19. Qxe6+ {[%emt 0:00:00]} Rxe6 {[%emt 0:00:08]} 20. h4 {[%emt 0:00:00]} Nf6 {[%emt 0:02:03]} 21. Ne3 {[%emt 0:00:00]} Rd6 {[%emt 0:03:22]} 22. Rxd6 {[%emt 0:00:00]} cxd6 {[%emt 0:00:29]} 23. Rd1 {[%emt 0:00:00]} Kc7 {[%emt 0:01:21]} 24. Ncd5+ {[%emt 0:00:00]} Nxd5 {[%emt 0:01:14]} 25. Nxd5+ {[%emt 0:00:00]} Bxd5 {[%emt 0:00:04]} 26. Rxd5 {[%emt 0:00:00]} Re8 {[%emt 0:00:37]} 27. c4 {[%emt 0:00:00]} Re5 {[%emt 0:00:11]} 28. Kd2 {[%emt 0:00:00]} Kd7 {[%emt 0:04:05]} 29. Ke3 {[%emt 0:00:00]} Ke7 {[%emt 0:00:34]} 30. Kf4 {[%emt 0:00:00]} f6 {[%emt 0:01:10]} 31. g4 {[%emt 0:00:00]} hxg4 {[%emt 0:09:31]} 1/2-1/2

[Event "BIH-chT Premier League 2019"]
[Site "Tuzla"]
[Date "2019.06.14"]
[Round "7.1"]
[White "Radovanovic, Nikola"]
[Black "Predojevic, Borki"]
[Result "0-1"]
[WhiteElo "2427"]
[BlackElo "2620"]
[Annotator "ChessBase"]
[PlyCount "104"]
[EventDate "2019.06.08"]
[EventType "team-tourn"]
[EventCountry "BIH"]
[SourceTitle "playchess.com"]
[Source "ChessBase"]
[SourceQuality "1"]
[TimeControl "40/5400+30:900+30"]

1. d4 {[%emt 0:00:33]} Nf6 {[%emt 0:00:00]} 2. c4 {[%emt 0:00:19]} e6 {[%emt 0:00:00]} 3. Nc3 {[%emt 0:00:35]} Bb4 {[%emt 0:00:00]} 4. g3 {[%emt 0:01:11]} c5 {[%emt 0:01:25]} 5. Nf3 {[%emt 0:00:18]} Nc6 {[%emt 0:00:47]} 6. Bg2 {[%emt 0:01:49]} Ne4 {[%emt 0:00:43]} 7. Bd2 {[%emt 0:01:25]} Nxd2 {[%emt 0:00:41]} 8. Qxd2 {[%emt 0:00:07]} cxd4 {[%emt 0:00:07]} 9. Nxd4 {[%emt 0:00:10]} O-O {[%emt 0:00:06]} 10. O-O {[%emt 0:03:51]} Ne5 {[%emt 0:00:31]} 11. b3 {[%emt 0:05:24]} a6 {[%emt 0:00:36]} 12. a3 {[%emt 0:06:08]} Be7 {[%emt 0:00:59]} 13. e3 {[%emt 0:07:28]} Qc7 {[%emt 0:11:13]} 14. Rfc1 {[%emt 0:14:55]} d6 {[%emt 0:11:14]} 15. Rc2 {[%emt 0:10:28]} Bd7 {[%emt 0:05:00]} 16. f4 {[%emt 0:05:12]} Ng4 {[%emt 0:02:58]} 17. h3 {[%emt 0:03:56]} Nf6 {[%emt 0:00:17]} 18. Rd1 {[%emt 0:00:39]} Rac8 {[%emt 0:16:40]} 19. Kh2 {[%emt 0:12:18]} g6 {[%emt 0:05:09]} 20. Ne4 {[%emt 0:03:58]} Rfd8 {[%emt 0:02:21]} 21. Nf2 {[%emt 0:01:34]} e5 {[%emt 0:12:17]} 22. Ne2 {[%emt 0:01:38]} d5 {[%emt 0:00:44]} 23. c5 {[%emt 0:01:40]} Bb5 {[%emt 0:13:07]} 24. Nc1 {[%emt 0:05:51]} exf4 {[%emt 0:03:11]} 25. exf4 {[%emt 0:03:30]} Ne4 {[%emt 0:00:51]} 26. Nxe4 {[%emt 0:03:33]} dxe4 {[%emt 0:00:05]} 27. Qe1 {[%emt 0:00:05]} Rxd1 {[%emt 0:02:54]} 28. Qxd1 {[%emt 0:00:04]} Rd8 {[%emt 0:00:20]} 29. Qe1 {[%emt 0:02:03]} f5 {[%emt 0:00:07]} 30. b4 {[%emt 0:02:17]} Ba4 {[%emt 0:04:46]} 31. Rd2 {[%emt 0:00:20]} Bf6 {[%emt 0:00:14]} 32. Ne2 {[%emt 0:01:14]} Kg7 {[%emt 0:00:35]} 33. Rxd8 {[%emt 0:01:11]} Qxd8 {[%emt 0:00:07]} 34. g4 {[%emt 0:00:10]} Bh4 {[%emt 0:04:38]} 35. Qa1+ {[%emt 0:00:58]} Qf6 {[%emt 0:00:16]} 36. Qc1 {[%emt 0:00:24]} Bb5 {[%emt 0:00:33]} 37. Nc3 {[%emt 0:00:38]} Bc6 {[%emt 0:00:48]} 38. gxf5 {[%emt 0:00:18]} gxf5 {[%emt 0:00:05]} 39. Qe3 {[%emt 0:00:46]} Qd8 {[%emt 0:00:00]} 40. a4 {[%emt 0:00:00]} Bf6 {[%emt 0:00:00]} 41. b5 {[%emt 0:04:33]} axb5 {[%emt 0:02:59]} 42. axb5 {[%emt 0:00:05]} Be8 {[%emt 0:00:11]} 43. Nxe4 {[%emt 0:05:41]} fxe4 {[%emt 0:03:38]} 44. Qxe4 {[%emt 0:00:05]} Bf7 {[%emt 0:03:38]} 45. Qxb7 {[%emt 0:01:00]} Qd4 {[%emt 0:00:47]} 46. Qc7 {[%emt 0:04:22]} Qf2 {[%emt 0:00:09]} 47. b6 {[%emt 0:00:42]} Bd4 {[%emt 0:01:19]} 48. h4 {[%emt 0:02:09]} Qxh4+ {[%emt 0:03:22]} 49. Bh3 {[%emt 0:00:04]} Qe1 {[%emt 0:01:03]} 50. Bg2 {[%emt 0:01:49]} Bg1+ {[%emt 0:00:18]} 51. Kh3 {[%emt 0:00:08]} Qe3+ {[%emt 0:00:27]} 52. Kg4 {[%emt 0:00:17]} h5+ {[%emt 0:00:16]} 0-1

[Event "BIH-chT Premier League 2019"]
[Site "Tuzla"]
[Date "2019.06.14"]
[Round "7.2"]
[White "Bosiocic, Marin"]
[Black "Marjanovic, Dejan"]
[Result "1/2-1/2"]
[WhiteElo "2629"]
[BlackElo "2389"]
[Annotator "TA"]
[PlyCount "173"]
[EventDate "2019.06.08"]
[EventType "team-tourn"]
[EventCountry "BIH"]
[SourceTitle "playchess.com"]
[Source "ChessBase"]
[SourceQuality "1"]

{[%evp 13,173,33,23,19,19,20,23,17,24,33,22,3,52,7,0,6,0,-23,-16,-64,-62,-74,-50,-122,-121,-132,-137,-145,-126,-136,-141,-136,-125,-121,-120,-124,-126,-112,-108,-122,-114,-122,-120,-157,-126,-130,-118,-174,-183,-167,-121,-164,-178,-197,-97,-96,-102,-107,-103,-115,-128,-323,-179,-177,0,0,0,-109,-102,-135,-130,-171,-171,-178,-172,-182,-170,-190,-191,-231,-259,-235,-209,-256,-264,-311,-317,-313,-304,-717,-286,-270,0,-718,-686,-673,-656,-703,-706,-669,-668,-1058,-579,-990,-572,-572,-561,-1042,-1033,-1022,-979,-1269,-1238,-1139,-1066,-1620,-1925,-1834,-1619,-985,-644,-553,-433,-433,-347,-29974,-29973,-29968,-4480,-5097,-4472,-5057,-3443,-1081,-347,-347,-347,-29980,-347,-347,-347,-347,-347,-29983,-347,-5073,-5007,-2148,-347,-347,-347,-29983,-347,-347,-347,-347,-347,-347,-347,-347,-347,-347]} 1. e4 e5 2. Nf3 Nc6 3. Bb5 a6 4. Ba4 Nf6 5. O-O Bc5 6. c3 O-O 7. d4 Ba7 8. dxe5 {C78: Ruy Lopez: Archangelsk and Möller Defences} Nxe4 9. Qd5 (9. Bc2 d5 10. exd6 Nxd6 11. Bg5 f6 12. Bf4 g5 13. Bxd6 Qxd6 14. Qxd6 cxd6 15. Nbd2 g4 {0-1 (73) Vallejo Pons,F (2693)-Carlsen,M (2845) Karlsruhe/Baden Baden 2019}) 9... Nc5 10. Bc2 {White has an edge.} Ne7 11. Qd4 d5 12. Bg5 $146 ({Predecessor:} 12. exd6 cxd6 13. b4 Ne6 14. Qd3 g6 15. c4 Nc6 {½-½ (25) Baum,H (2250)-Szabo,M (2254) LSS email 2014}) 12... h6 13. Qh4 (13. Bxe7 $5 Qxe7 14. b4 $14) 13... Re8 14. Nbd2 Ne6 $1 15. Bf6 Qd7 {Threatens to win with ...Ng6.} 16. Qg3 Ng6 $1 17. Rae1 Nef4 {aiming for ...Nh5.} 18. Bxg6 ({Better is} 18. e6 $1 $15 Rxe6 19. Be5) 18... Nxg6 $17 19. e6 Rxe6 20. Bd4 c5 21. Rxe6 Qxe6 22. Re1 Qc6 23. Ne5 Qe8 $1 24. Ndf3 Be6 25. Nxg6 cxd4 26. Nf4 dxc3 27. Nh5 {[%csl Gh5][%cal Rg3g7]} Qf8 28. bxc3 Bf5 29. Nf6+ Kh8 30. Qe5 (30. Nh4 $17 {is a better defense.} Bc2 31. Nxd5) 30... Be6 $19 ({Inferior is} 30... gxf6 31. Qxf6+ (31. Qxf5 Re8 $11) 31... Kg8 32. Qxf5 $14) 31. Nh5 Re8 32. Qg3 Bb8 33. Qh4 Bf5 (33... Rc8 $19 {is more deadly. And now ...Ba7 would win.} 34. Nf4 Rxc3) 34. Rxe8 $17 Qxe8 {[#]} 35. Qd4 $1 {[%csl Gh5][%cal Rd4g7][%mdl 512]} Qf8 36. g4 Be4 $36 {[%mdl 2048] White is under strong pressure.} 37. Ne5 $2 (37. Nd2 $17) 37... f6 (37... Qe7 $142 38. f4 Qe6) 38. Nd7 $19 Qd6 $2 (38... Qa3 $19 39. Qd2 Bc7 40. Ndxf6 Qd6 {[%mdl 64] Double Attack}) 39. Nxb8 $11 Qxb8 {[#]} 40. Qc5 (40. Nxf6 $1 $11 {[%mdl 512] was the only way to keep the balance.} Qf4 (40... gxf6 41. Qxf6+) 41. Nxe4 dxe4 42. h3) 40... Qd8 $17 41. h3 f5 42. Ng3 fxg4 $1 43. hxg4 Bf3 44. Qb4 Qc8 45. Nf5 Be4 46. Ne3 b5 47. Kf1 Kh7 48. Ke2 Qc7 49. Qd4 Qf4 50. Ke1 Qf3 51. Qb4 $2 (51. Qe5) 51... Qh1+ $2 (51... Bd3 {[%csl Gd3][%cal Rf3e2]} 52. Qb2 b4 $1 {[%mdl 512]} 53. cxb4 d4 $1 {[%mdl 512]}) 52. Kd2 $19 Qf3 $2 (52... Kg8 53. Nf5 Qf3 $1 {[%mdl 512]}) 53. Ke1 Bd3 {[%csl Gd3][%cal Rf3e2]} 54. Qb2 {[#]} b4 $1 {[%mdl 512] ( -> ...bxc3)} 55. cxb4 {[#]} (55. Qxb4 Qe2#) 55... d4 $1 {[%mdl 512]} 56. Nd1 (56. Qxd4 Qe2#) 56... Qxg4 57. Kd2 Qe2+ 58. Kc1 Qxb2+ 59. Nxb2 {[%mdl 4096] Endgame KB-KN} Be4 60. Kd2 h5 61. Ke2 h4 62. f3 Bd5 63. a4 g5 64. b5 axb5 65. axb5 Kg6 66. b6 Kf5 67. Nd3 Ke6 (67... h3 $2 68. Kf2 $19) 68. Nf2 Bc6 69. Kd3 $2 (69. Nh3 $19 Kf5 70. Ng1) 69... Bxf3 70. Kxd4 Kd6 (70... Kf5 $142 71. Kd3 g4 72. Ke3 Bb7 73. Nd3 g3 74. Nf4 Kg4 75. Ne2 h3 76. Kd3 h2 77. Kc4 h1=Q 78. Nc3 Qf1+ 79. Kc5 g2 80. Kd6 Qf6+ 81. Kc5 g1=Q+ 82. Kc4 Qgd4+ {[%mdl 64] Double Attack} 83. Kb3 Qxc3+ 84. Ka4 Qfc6#) 71. Ke3 Bg2 72. Ng4 Bb7 73. Kd4 Bc8 $2 (73... Ke6 {White must now prevent ...Kf5.} 74. Ke3 Kd5) 74. Nf2 {intending Ne4+.} Kc6 {Strongly threatening ...g4.} 75. Ke5 $2 (75. Ne4 $19 g4 76. b7 Bxb7 77. Ke3) 75... Kxb6 $2 (75... g4 76. Kf4 g3 77. Nd3 g2 78. Ne5+ Kc5 79. Nf3 Kxb6 80. Ke3 Bg4 81. Nd2 g1=Q+ 82. Kf4 h3 83. Nc4+ Kc5 84. Nd2 Qd4+ {[%mdl 64] Double Attack} 85. Kg5 Qxd2+ 86. Kxg4 h2 87. Kf5 h1=Q 88. Kg6 Qhh6+ 89. Kf7 Qd7+ 90. Kg8 Qdh7#) 76. Ne4 g4 77. Kf4 Kc7 78. Nd2 $2 (78. Nf6 $19 h3 79. Ne4) 78... Kd6 $2 (78... g3 79. Nf3 g2 80. Ng1 Kd6 81. Ne2 h3 82. Kg3 {[#]} Bg4 $1 {[%mdl 512]} 83. Ng1 Ke5 84. Kxg4 h2 85. Nf3+ Kd5 86. Kg5 g1=Q+ 87. Nxg1 hxg1=Q+ 88. Kf5 Qf2+ 89. Kg5 Qf3 90. Kh6 Ke6 91. Kh7 Qg3 92. Kh8 Kf7 93. Kh7 Qh4#) 79. Kg5 $2 (79. Ne4+ Kc6 80. Nc3) 79... h3 80. Kf4 Kd5 $2 (80... Bb7 {Hoping for ...h2.} 81. Nf1 Bc8) 81. Nf1 Kd4 82. Kg3 $2 (82. Ng3 $19) 82... Ke4 $2 (82... Ba6 {mates} 83. Nh2 Be2 84. Kf2 Kd3 85. Kg3 Kd4 86. Kf4 Kd3 87. Kg3 Ke3 88. Kh4 Kf2 89. Nxg4+ Bxg4 90. Kxg4 h2 91. Kh5 h1=Q+ 92. Kg5 Qc6 93. Kf5 Kf3 94. Ke5 Qd7 95. Kf6 Kf4 96. Kg6 Qe7 97. Kh6 Kf5 98. Kh5 Qh7#) 83. Kh2 {Black has a decisive advantage.} Kf4 84. Ng3 Be6 85. Nh5+ Kf3 86. Ng3 Bf7 87. Nf5 {[%mdl 32768] Accuracy: White = 39%, Black = 56%. . An unexpected result.} 1/2-1/2

[Event "BIH-chT Premier League 2019"]
[Site "Tuzla"]
[Date "2019.06.14"]
[Round "7.2"]
[White "Kosic, Dragan"]
[Black "Djukic, Nikola"]
[Result "1/2-1/2"]
[WhiteElo "2479"]
[BlackElo "2547"]
[Annotator "ChessBase"]
[PlyCount "23"]
[EventDate "2019.06.08"]
[EventType "team-tourn"]
[EventCountry "BIH"]
[SourceTitle "playchess.com"]
[Source "ChessBase"]
[SourceQuality "1"]
[TimeControl "40/5400+30:900+30"]

1. d4 {[%emt 0:00:00]} d5 {[%emt 0:00:00]} 2. c4 {[%emt 0:00:00]} c6 {[%emt 0:00:00]} 3. Nc3 {[%emt 0:00:00]} Nf6 {[%emt 0:00:00]} 4. cxd5 {[%emt 0:00:00]} cxd5 {[%emt 0:00:00]} 5. Bf4 {[%emt 0:00:00]} Nc6 {[%emt 0:00:00]} 6. Nf3 {[%emt 0:00:06]} Bf5 {[%emt 0:00:06]} 7. e3 {[%emt 0:00:22]} e6 {[%emt 0:00:07]} 8. Bd3 {[%emt 0:00:04]} Bxd3 {[%emt 0:00:05]} 9. Qxd3 {[%emt 0:00:03]} Bd6 {[%emt 0:00:05]} 10. Bxd6 {[%emt 0:00:05]} Qxd6 {[%emt 0:00:06]} 11. O-O {[%emt 0:00:04]} O-O {[%emt 0:00:04]} 12. Rfc1 {[%emt 0:00:05]} 1/2-1/2

[Event "BIH-chT Premier League 2019"]
[Site "Tuzla"]
[Date "2019.06.14"]
[Round "7.3"]
[White "Kadric, Denis"]
[Black "Dizdarevic, Emir"]
[Result "1-0"]
[WhiteElo "2550"]
[BlackElo "2433"]
[Annotator "ChessBase"]
[PlyCount "71"]
[EventDate "2019.06.08"]
[EventType "team-tourn"]
[EventCountry "BIH"]
[SourceTitle "playchess.com"]
[Source "ChessBase"]
[SourceQuality "1"]
[TimeControl "40/5400+30:900+30"]

1. e4 {[%emt 0:00:00]} e6 {[%emt 0:00:00]} 2. d4 {[%emt 0:00:00]} d5 {[%emt 0:00:00]} 3. e5 {[%emt 0:00:00]} c5 {[%emt 0:00:29]} 4. c3 {[%emt 0:00:00]} Nc6 {[%emt 0:00:52]} 5. Nf3 {[%emt 0:00:00]} Qb6 {[%emt 0:01:41]} 6. Be2 {[%emt 0:00:04]} Nh6 {[%emt 0:06:28]} 7. Bxh6 {[%emt 0:00:07]} gxh6 {[%emt 0:00:15]} 8. Qd2 {[%emt 0:00:03]} Bd7 {[%emt 0:02:36]} 9. O-O {[%emt 0:00:14]} a6 {[%emt 0:06:19]} 10. Na3 {[%emt 0:11:25]} cxd4 {[%emt 0:00:31]} 11. cxd4 {[%emt 0:00:02]} Qb4 {[%emt 0:00:27]} 12. Qd3 {[%emt 0:02:30]} Qxb2 {[%emt 1:16:22]} 13. Nc2 {[%emt 0:01:01]} Qb5 {[%emt 0:00:00]} 14. Qd2 {[%emt 0:04:16]} Qa5 {[%emt 0:00:00]} 15. Qf4 {[%emt 0:00:01]} Ne7 {[%emt 0:00:00]} 16. h4 {[%emt 0:07:13]} Qc7 {[%emt 0:00:00]} 17. Ne3 {[%emt 0:10:04]} f5 {[%emt 0:00:00]} 18. Rfc1 {[%emt 0:00:02]} Qd8 {[%emt 0:00:00]} 19. g4 {[%emt 0:03:09]} Ng6 {[%emt 0:00:00]} 20. Qh2 {[%emt 0:00:04]} fxg4 {[%emt 0:00:00]} 21. Nxg4 {[%emt 0:00:02]} Be7 {[%emt 0:00:00]} 22. Nxh6 {[%emt 0:10:34]} Rf8 {[%emt 0:00:00]} 23. Qg3 {[%emt 0:04:00]} Bb5 {[%emt 0:00:00]} 24. Bxb5+ {[%emt 0:06:35]} axb5 {[%emt 0:00:00]} 25. Ng5 {[%emt 0:00:02]} Nf4 {[%emt 0:00:00]} 26. Kh1 {[%emt 0:10:01]} Ra3 {[%emt 0:00:00]} 27. f3 {[%emt 0:00:52]} Bxg5 {[%emt 0:00:00]} 28. hxg5 {[%emt 0:00:07]} Ne2 {[%emt 0:00:00]} 29. Qg4 {[%emt 0:01:15]} Qd7 {[%emt 0:01:16]} 30. Rc2 {[%emt 0:01:16]} Nc3 {[%emt 0:01:34]} 31. Qh5+ {[%emt 0:02:33]} Kd8 {[%emt 0:00:07]} 32. Ng4 {[%emt 0:00:08]} Rxf3 {[%emt 0:02:42]} 33. Nf6 {[%emt 0:00:42]} Ne4 {[%emt 0:00:45]} 34. Qxf3 {[%emt 0:00:22]} Rxf3 {[%emt 0:00:23]} 35. Nxd7 {[%emt 0:00:02]} Kxd7 {[%emt 0:00:21]} 36. Rac1 {[%emt 0:01:11]} 1-0

[Event "BIH-chT Premier League 2019"]
[Site "Tuzla"]
[Date "2019.06.14"]
[Round "7.3"]
[White "Tadic, Branko"]
[Black "Kozul, Zdenko"]
[Result "1-0"]
[WhiteElo "2483"]
[BlackElo "2575"]
[Annotator "ChessBase"]
[PlyCount "91"]
[EventDate "2019.06.08"]
[EventType "team-tourn"]
[EventCountry "BIH"]
[SourceTitle "playchess.com"]
[Source "ChessBase"]
[SourceQuality "1"]
[TimeControl "40/5400+30:900+30"]

1. Nf3 {[%emt 0:04:03]} Nf6 {[%emt 0:00:00]} 2. c4 {[%emt 0:00:50]} g6 {[%emt 0:00:03]} 3. g3 {[%emt 0:00:14]} c6 {[%emt 0:00:41]} 4. Bg2 {[%emt 0:00:30]} Bg7 {[%emt 0:00:14]} 5. O-O {[%emt 0:00:38]} O-O {[%emt 0:00:09]} 6. d4 {[%emt 0:01:11]} d5 {[%emt 0:00:16]} 7. cxd5 {[%emt 0:00:36]} cxd5 {[%emt 0:00:08]} 8. Ne5 {[%emt 0:01:29]} e6 {[%emt 0:03:10]} 9. Nc3 {[%emt 0:00:21]} Nc6 {[%emt 0:03:36]} 10. Nxc6 {[%emt 0:00:45]} bxc6 {[%emt 0:00:07]} 11. Bf4 {[%emt 0:00:42]} Nd7 {[%emt 0:04:53]} 12. Qd2 {[%emt 0:11:09]} Re8 {[%emt 0:04:55]} 13. Rac1 {[%emt 0:04:46]} a5 {[%emt 0:17:19]} 14. e4 {[%emt 0:17:29]} Ba6 {[%emt 0:08:06]} 15. Rfd1 {[%emt 0:05:34]} Nb6 {[%emt 0:01:06]} 16. b3 {[%emt 0:01:45]} a4 {[%emt 0:06:56]} 17. h4 {[%emt 0:06:28]} axb3 {[%emt 0:01:17]} 18. axb3 {[%emt 0:00:04]} Qe7 {[%emt 0:07:46]} 19. h5 {[%emt 0:10:08]} Qb4 {[%emt 0:06:01]} 20. h6 {[%emt 0:09:49]} Bf8 {[%emt 0:02:48]} 21. Bc7 {[%emt 0:13:04]} Nd7 {[%emt 0:09:23]} 22. Qf4 {[%emt 0:00:27]} Bb7 {[%emt 0:09:59]} 23. exd5 {[%emt 0:03:36]} cxd5 {[%emt 0:01:47]} 24. Bf1 {[%emt 0:01:49]} Ba6 {[%emt 0:04:11]} 25. Bh3 {[%emt 0:00:04]} Qxb3 {[%emt 0:05:22]} 26. Bd6 {[%emt 0:00:49]} Bxd6 {[%emt 0:00:12]} 27. Qxd6 {[%emt 0:00:05]} Bc8 {[%emt 0:00:05]} 28. Re1 {[%emt 0:03:04]} Qb6 {[%emt 0:01:35]} 29. Qxb6 {[%emt 0:01:52]} Nxb6 {[%emt 0:00:06]} 30. Rb1 {[%emt 0:00:02]} Nd7 {[%emt 0:01:55]} 31. Nxd5 {[%emt 0:00:15]} Ra4 {[%emt 0:00:44]} 32. Nc7 {[%emt 0:01:14]} Rd8 {[%emt 0:00:29]} 33. d5 {[%emt 0:00:17]} e5 {[%emt 0:00:27]} 34. Rec1 {[%emt 0:01:11]} Kf8 {[%emt 0:00:29]} 35. Nb5 {[%emt 0:00:39]} Ba6 {[%emt 0:00:30]} 36. Nc3 {[%emt 0:00:24]} Rd4 {[%emt 0:00:25]} 37. Bxd7 {[%emt 0:00:31]} Rxd7 {[%emt 0:00:05]} 38. Rb8+ {[%emt 0:00:00]} Ke7 {[%emt 0:00:08]} 39. Rh8 {[%emt 0:00:08]} Rc4 {[%emt 0:01:15]} 40. Rxh7 {[%emt 0:00:00]} Rdc7 {[%emt 0:00:00]} 41. Ra1 {[%emt 0:04:37]} Rxc3 {[%emt 0:06:56]} 42. Rxa6 {[%emt 0:00:09]} Rc1+ {[%emt 0:00:08]} 43. Kg2 {[%emt 0:00:09]} Rd1 {[%emt 0:00:06]} 44. Rxg6 {[%emt 0:02:53]} Rxd5 {[%emt 0:00:54]} 45. Rxf7+ {[%emt 0:00:36]} Kxf7 {[%emt 0:00:07]} 46. Rg7+ {[%emt 0:00:02]} 1-0

[Event "BIH-chT Premier League 2019"]
[Site "Tuzla"]
[Date "2019.06.14"]
[Round "7.4"]
[White "Nikolic, Predrag"]
[Black "Pasalic, Harun"]
[Result "1-0"]
[WhiteElo "2574"]
[BlackElo "2304"]
[Annotator "ChessBase"]
[PlyCount "63"]
[EventDate "2019.06.08"]
[EventType "team-tourn"]
[EventCountry "BIH"]
[SourceTitle "playchess.com"]
[Source "ChessBase"]
[SourceQuality "1"]
[TimeControl "40/5400+30:900+30"]

1. d4 {[%emt 0:00:00]} Nf6 {[%emt 0:00:00]} 2. Nf3 {[%emt 0:00:30]} g6 {[%emt 0:00:30]} 3. g3 {[%emt 0:00:30]} Bg7 {[%emt 0:00:30]} 4. Bg2 {[%emt 0:00:30]} O-O {[%emt 0:00:30]} 5. c4 {[%emt 0:00:30]} d6 {[%emt 0:00:30]} 6. O-O {[%emt 0:00:30]} Nc6 {[%emt 0:00:00]} 7. d5 {[%emt 0:00:00]} Na5 {[%emt 0:00:00]} 8. Nfd2 {[%emt 0:00:00]} c5 {[%emt 0:00:00]} 9. a3 {[%emt 0:00:00]} Nd7 {[%emt 0:06:40]} 10. Ra2 {[%emt 0:00:00]} b5 {[%emt 0:00:38]} 11. cxb5 {[%emt 0:00:28]} c4 {[%emt 0:00:15]} 12. a4 {[%emt 0:01:50]} a6 {[%emt 0:05:32]} 13. Na3 {[%emt 0:00:53]} Nc5 {[%emt 0:04:53]} 14. Ne4 {[%emt 0:09:06]} Nxe4 {[%emt 0:41:27]} 15. Bxe4 {[%emt 0:00:46]} Nb3 {[%emt 0:00:29]} 16. Be3 {[%emt 0:01:09]} axb5 {[%emt 0:02:27]} 17. axb5 {[%emt 0:05:40]} Bh3 {[%emt 0:01:12]} 18. Bg2 {[%emt 0:06:38]} Bf5 {[%emt 0:03:48]} 19. b6 {[%emt 0:10:08]} Qd7 {[%emt 0:02:29]} 20. Nxc4 {[%emt 1:00:52]} Rxa2 {[%emt 0:01:30]} 21. Qxb3 {[%emt 0:00:00]} Qa4 {[%emt 0:02:49]} 22. Qxa4 {[%emt 0:00:00]} Rxa4 {[%emt 0:00:05]} 23. b3 {[%emt 0:00:00]} Rb4 {[%emt 0:00:42]} 24. Na5 {[%emt 0:00:00]} Re8 {[%emt 0:10:58]} 25. b7 {[%emt 0:00:00]} Rb5 {[%emt 0:03:40]} 26. Bd2 {[%emt 0:00:00]} Rb8 {[%emt 0:08:06]} 27. e4 {[%emt 0:00:00]} Bd7 {[%emt 0:01:10]} 28. Rc1 {[%emt 0:00:00]} Kf8 {[%emt 0:00:53]} 29. Rc7 {[%emt 0:00:00]} Ke8 {[%emt 0:00:24]} 30. Bf1 {[%emt 0:00:00]} Rc5 {[%emt 0:02:11]} 31. Rxc5 {[%emt 0:00:00]} dxc5 {[%emt 0:00:01]} 32. Bf4 {[%emt 0:00:00]} 1-0

[Event "BIH-chT Premier League 2019"]
[Site "Tuzla"]
[Date "2019.06.14"]
[Round "7.4"]
[White "Burovic, Rijad"]
[Black "Stojanovic, Dalibor"]
[Result "1/2-1/2"]
[WhiteElo "2399"]
[BlackElo "2507"]
[Annotator "ChessBase"]
[PlyCount "78"]
[EventDate "2019.06.08"]
[EventType "team-tourn"]
[EventCountry "BIH"]
[SourceTitle "playchess.com"]
[Source "ChessBase"]
[SourceQuality "1"]
[TimeControl "40/5400+30:900+30"]

1. e4 {[%emt 0:01:21]} c5 {[%emt 0:00:00]} 2. Nc3 {[%emt 0:01:06]} Nc6 {[%emt 0:01:23]} 3. Nge2 {[%emt 0:00:48]} d6 {[%emt 0:01:01]} 4. d4 {[%emt 0:00:28]} cxd4 {[%emt 0:00:05]} 5. Nxd4 {[%emt 0:00:06]} Nf6 {[%emt 0:00:14]} 6. Bc4 {[%emt 0:00:20]} Bd7 {[%emt 0:01:38]} 7. Bb3 {[%emt 0:01:59]} g6 {[%emt 0:02:11]} 8. Be3 {[%emt 0:00:39]} Bg7 {[%emt 0:04:45]} 9. f3 {[%emt 0:00:14]} O-O {[%emt 0:00:23]} 10. Qd2 {[%emt 0:00:14]} Nxd4 {[%emt 0:00:04]} 11. Bxd4 {[%emt 0:00:08]} b5 {[%emt 0:00:03]} 12. a4 {[%emt 0:00:06]} b4 {[%emt 0:12:59]} 13. Nd5 {[%emt 0:00:30]} Nxd5 {[%emt 0:02:36]} 14. Bxg7 {[%emt 0:01:19]} Kxg7 {[%emt 0:00:04]} 15. exd5 {[%emt 0:01:03]} Qa5 {[%emt 0:01:58]} 16. h4 {[%emt 0:09:51]} e5 {[%emt 0:06:32]} 17. h5 {[%emt 0:10:57]} Rh8 {[%emt 0:03:51]} 18. h6+ {[%emt 0:00:55]} Kf8 {[%emt 0:00:21]} 19. O-O {[%emt 0:01:42]} f5 {[%emt 0:05:26]} 20. f4 {[%emt 0:02:47]} Qc5+ {[%emt 0:08:05]} 21. Kh2 {[%emt 0:01:26]} e4 {[%emt 0:00:05]} 22. Rac1 {[%emt 0:19:35]} Kf7 {[%emt 0:01:26]} 23. Rfe1 {[%emt 0:09:50]} Rab8 {[%emt 0:05:26]} 24. Re3 {[%emt 0:03:01]} Qb6 {[%emt 0:05:34]} 25. Rce1 {[%emt 0:01:57]} Rhe8 {[%emt 0:04:52]} 26. c4 {[%emt 0:19:55]} Rbc8 {[%emt 0:05:29]} 27. Rc1 {[%emt 0:02:06]} Qc5 {[%emt 0:02:51]} 28. Bd1 {[%emt 0:02:51]} Ke7 {[%emt 0:01:30]} 29. b3 {[%emt 0:01:11]} Kd8 {[%emt 0:02:38]} 30. Bc2 {[%emt 0:00:41]} Kc7 {[%emt 0:00:28]} 31. Rce1 {[%emt 0:00:52]} Rg8 {[%emt 0:02:11]} 32. Rg3 {[%emt 0:00:28]} Kb6 {[%emt 0:03:44]} 33. Rg5 {[%emt 0:00:55]} Rge8 {[%emt 0:00:50]} 34. Re3 {[%emt 0:01:07]} a5 {[%emt 0:01:07]} 35. Bd1 {[%emt 0:01:13]} Rg8 {[%emt 0:00:42]} 36. Be2 {[%emt 0:00:27]} Ka7 {[%emt 0:00:45]} 37. Bd1 {[%emt 0:00:15]} Kb6 {[%emt 0:01:16]} 38. Be2 {[%emt 0:00:12]} Ka7 {[%emt 0:00:11]} 39. Bd1 {[%emt 0:00:05]} Kb6 {[%emt 0:01:10]} 1/2-1/2